Tirana Int. Airport Nënë Tereza Destinations (Tirana, Albania) - Statistics

General Stats
  • This quiz has been taken 224 times
    45 since last reset
  • The average score is 85 of 108
Answer Stats
Airline Destination % Correct
Transavia/TUI fly Netherlands Amsterdam
100%
Aegean Airlines/Sky Express/Wizz Air Athens
100%
Ryanair/Wizz Air Milan (Malpensa)
100%
Lufthansa Munich
100%
Ryanair/Scandinavian Airlines/Wizz Air Stockholm (Arlanda)
100%
Austrian Airways/Ryanair Vienna
100%
Chair Airlines/Swiss International Air Lines Zürich
100%
Vueling/Wizz Air Barcelona
97%
Air Serbia Belgrade
97%
Wizz Air Berlin
97%
Finnair/Norwegian Air Shuttle Helsinki
97%
Iberia/Wizz Air Madrid
97%
Norwegian Air Shuttle Oslo
97%
Air France Paris (Charles de Gaulle)
97%
Transavia Paris (Orly)
97%
Ryanair Rome (Ciampino)
97%
ITA Airways/Wizz Air Rome (Fiumicino)
97%
Croatia Airlines Zagreb
97%
TUI fly Belgium Brussels
94%
Ryanair Bucharest (Otopeni)
94%
Ryanair/Smartwings/Wizz Air Budapest
94%
Norwegian Air Shuttle/Scandinavian Airlines Copenhagen
94%
Eurowings Düsseldorf
94%
easyJet Geneva
94%
Pegasus Airlines Istanbul (Sabiha Gökçen)
94%
easyJet Lisbon
94%
Wizz Air London (Gatwick)
94%
British Airways London (Heathrow)
94%
Wizz Air London (Luton)
94%
Ryanair London (Stansted)
94%
Transavia/Wizz Air Lyon
94%
Ryanair/Wizz Air Naples
94%
Ryanair/Wizz Air Turin
94%
LOT Polish Airlines/Ryanair/Smartwings/Wizz Air Warsaw (Chopin)
94%
Ryanair Warsaw (Modlin)
94%
flydubai Dubai (International)
91%
Lufthansa Frankfurt
91%
Ryanair Marseille
91%
airBaltic Riga
91%
Eurowings/Wizz Air Stuttgart
91%
Pegasus Airlines/SunExpress Antalya
88%
Eurowings/Wizz Air Cologne/Bonn
88%
Wizz Air Hamburg
88%
Ryanair/Wizz Air Kraków
88%
Ryanair/Smartwings/Wizz Air Prague
88%
Wizz Air Vilnius
88%
Jordan Aviation Amman (Queen Alia)
85%
Wizz Air Basel/Mulhouse
85%
SunExpress İzmir
85%
airBaltic Tallinn
85%
Ryanair/Wizz Air Bari
82%
Ryanair Birmingham
82%
Ryanair/Wizz Air Bologna
82%
Ryanair/Smartwings/Wizz Air Bratislava
82%
Ryanair Dublin
82%
Norwegian Air Shuttle Gothenburg
82%
Wizz Air Hahn
82%
Ryanair Manchester
82%
Wizz Air Nice
82%
arkia/Israir/Sun d'Or Tel Aviv
82%
Wizz Air Valencia
82%
Wizz Air Larnaca
79%
Ryanair/Wizz Air Verona
79%
Buzz/Smartwings/Wizz Air Wrocław
79%
Transavia Bordeaux
76%
Ryanair Edinburgh
76%
Enter Air/Ryanair/Wizz Air Gdańsk
76%
Wizz Air Genoa
76%
Aegean Airlines/Sky Express Heraklion
76%
Transavia Nantes
76%
Wizz Air Nuremberg
76%
Buzz/Ryanair/Smartwings/Wizz Air Poznań
76%
Smartwings Brno
74%
Ryanair Catania
74%
SkyUp Airlines Chișinău
74%
flynas Jeddah
74%
Buzz/Enter Air/Smartwings/Wizz Air Katowice
74%
Ryanair/Wizz Air Malta
74%
Ryanair/Wizz Air Pisa
74%
flynas Riyadh
74%
Ryanair/Wizz Air Bergamo
71%
Wizz Air Dortmund
71%
Wizz Air Billund
68%
Ryanair/Wizz Air Charleroi
68%
Wizz Air Eindhoven
68%
Wizz Air Málaga
68%
Aegean Airlines Rhodes
68%
Air Cairo Sharm El Sheikh
68%
Wizz Air Malmö
65%
Ryanair/Wizz Air Beauvais
62%
Smartwings Bilbao
62%
Ryanair Liverpool
62%
Smartwings Łódź
62%
Wizz Air Ancona
59%
Wizz Air Memmingen
59%
Ryanair/Wizz Air Trieste
59%
Ryanair/Wizz Air Treviso
53%
Ryanair Lamezia Terme
47%
Wizz Air Perugia
47%
Smartwings Debrecen
44%
Ryanair/Wizz Air Pescara
44%
Wizz Air Rimini
44%
Ryanair Weeze
44%
Wizz Air Tenerife (South)
41%
Smartwings Rzeszow
35%
Wizz Air Sandefjord
35%
Wizz Air Comiso
29%
Wizz Air Karlsurhe/Baden-Baden
6%
No matching quizzes found
Score Distribution
Percent of People with Each Score
Percentile by Number Answered
Your Score History
You have not taken this quiz since the last reset